Gaming Quiz

Random Gaming or Nintendo Quiz

Super Smash Bros. Brawl Characters Quiz Stats

 Plays Quiz not verified by Sporcle

Support Sporcle.
Go Orange.
Score 0/38 Timer 07:00
0 Plays Today
Fighter Style Character % Correct
VeteranMario
95.2%
SecretLuigi
93.2%
VeteranLink
92.5%
VeteranPikachu
89.1%
VeteranKirby
89.1%
VeteranPeach
89.1%
Veteran Bowser
88.4%
VeteranZelda
87.8%
SecretToon Link
87.8%
NewcomerIke
85.7%
NewcomerSonic
85%
VeteranFox
85%
NewcomerWario
84.4%
SecretMarth
84.4%
VeteranSamus
83.7%
VeteranYoshi
83.7%
SecretFalco
83.7%
SecretWolf
83.7%
SecretJigglypuff
83.7%
Fighter Style Character % Correct
NewcomerMeta Knight
83%
NewcomerSnake
83%
SecretNess
83%
SecretLucario
83%
NewcomerPit
82.3%
VeteranDonkey Kong
81.6%
NewcomerPokemon Trainer
81%
SecretGanondorf
81%
NewcomerDiddy Kong
80.3%
NewcomerLucas
78.9%
NewcomerKing Dedede
77.6%
SecretMr. Game and Watch
76.9%
Veteran Sheik
75.5%
SecretR.O.B.
74.8%
NewcomerOlimar
74.1%
VeteranIce Climbers
74.1%
SecretCaptain Falcon
74.1%
NewcomerZero Suit Samus
73.5%
6.8%

You're not logged in!

Compare scores with friends on all Sporcle quizzes.
OR
Log In

From the Vault

A-Z Images Ending in 'K'

by sproutcm

K: Great for quizzes, terrible for replying to texts.
Remove Ads.
Support Sporcle.
Get the best of Sporcle when you Go Orange. This ad-free experience offers more features, more stats, and more fun while also helping to support Sporcle. Thank you for becoming a member.

Show Comments

Extras

Top Quizzes Today


Score Distribution

Your Account Isn't Verified!

In order to create a playlist on Sporcle, you need to verify the email address you used during registration. Go to your Sporcle Settings to finish the process.

Report this User

Report this user for behavior that violates our Community Guidelines.

Details: